• 首页
  • 本馆介绍
  • 公告通知
  • 最新文献
  • 馆藏检索
  • 电子资源
  • 读者导购
  • 参考咨询
  • 我的图书馆
  • 登录
  • 详细信息显示
  • 放入我的书架
  • 预约/预借图书
  • 作者相关作品
  • 分类相关作品
  • 丛书相关作品
  • 出版社相关作品

书目信息

  • 表格格式
  • 工作单格式
  • 卡片格式
题名:
艺术博物馆
    
 
作者: 达维里奥 著 ;文偲 译
分册:  
出版信息: 北京   电子工业出版社  2020.5
页数: 449页
开本: 29cm
丛书名:
单 册:
中图分类: J205.2
科图分类:
主题词: 绘画--鉴赏--世界
电子资源:
ISBN: 978-7-121-37238-4
000 01565nam0 2200301 45
001 490191
005 20140817210149.0
010    @a978-7-121-37238-4@b精装@dCNY598.00
099    @aCAL 012020188121
100    @a20200507d2020 em y0chiy0110 ea
101 1  @achi@cita
102    @aCN@b110000
105    @aa z 000yy
106    @ar
200 1  @a艺术博物馆@Ayi shu bo wu guan@e50位艺术大师的500幅传世名画@d= The painting game@e500 famous masterpieces of 50 masters@f(意) 菲利普·达维里奥著@g文偲等译@zeng
210    @a北京@c电子工业出版社@d2020.5
215    @a449页@c图 (部分彩图)@d29cm
306    @a本书中文简体版专有出版权由RCS Libri S.p.A.通过Niu Niu Culture Limited授予电子工业出版社
312    @a意大利文题名原文取自版权页
330    @a本书通过达维里奥充满激情和幽默的叙述, 讲述了不同历史时期五十个不同艺术家的艺术故事, 开篇通过类似电影开场白似的描写, 使故事非常有画面感。在这本书中, 达维里奥向我们展示了讲述艺术史很多不同寻常的新角度, 几乎无死角地讲述了各个艺术家不同的风格和奇特的故事, 不仅用简练的语言展现了一个艺术家的生活经历, 更为这个历史时期的艺术家画了一幅群像。他的不同之处主要体现在错综复杂的细节上, 相比较在学校听到的艺术史教学大纲而言, 它为我们头脑提供了历史上更为丰富多样的艺术场景。
500 10 @aGioco della pittura : 500 famous masterpieces of 50 masters@mChinese
517 1  @a50位艺术大师的500幅传世名画
606 0  @a绘画@x鉴赏@y世界
690    @aJ205.2@v5
701  1 @a达维里奥@Ada wei li ao@g(Daverio, Philippe)@4著
702  0 @a文偲@Awen si@4译
801    @aCN@b江苏凤凰@c20211018
905    @b1355990-2@dJ205.2@e1568@f3
    
    艺术博物馆:50位艺术大师的500幅传世名画= The painting game:500 famous masterpieces of 50 masters/(意) 菲利普·达维里奥著/文偲等译.-北京:电子工业出版社,2020.5
    449页:图 (部分彩图);29cm
    
    
    ISBN 978-7-121-37238-4(精装):CNY598.00
    本书通过达维里奥充满激情和幽默的叙述, 讲述了不同历史时期五十个不同艺术家的艺术故事, 开篇通过类似电影开场白似的描写, 使故事非常有画面感。在这本书中, 达维里奥向我们展示了讲述艺术史很多不同寻常的新角度, 几乎无死角地讲述了各个艺术家不同的风格和奇特的故事, 不仅用简练的语言展现了一个艺术家的生活经历, 更为这个历史时期的艺术家画了一幅群像。他的不同之处主要体现在错综复杂的细节上, 相比较在学校听到的艺术史教学大纲而言, 它为我们头脑提供了历史上更为丰富多样的艺术场景。
●
相关链接 在E读中查询图书 在五车中查询图书 在当当中查询图书 在豆瓣中查询图书


正题名:艺术博物馆     索取号:J205.2/1568         预约/预借

序号 登录号 条形码 馆藏地/架位号 状态 备注
1 1355990   213559905   第一样本阅览室/ [索取号:J205.2/1568] 在馆    
2 1355991   213559914   第一借阅区/ [索取号:J205.2/1568] 在馆    
3 1355992   213559923   第一借阅区/ [索取号:J205.2/1568] 在馆    
唐山师范学院图书馆 欢迎您!
大连网信软件有限公司© 版权所有